000 00851nam a2200217 a 4500
001 000017927
003 OSt
005 20240305090729.0
008 100407s2004 dr cd 000 0 spa d
020 _a9945100017
040 _aDO-SdBNP
_bspa
_cBNPHU
082 _bS677c
245 0 0 _aSobre el criminal bloqueo de Estados Unidos a Cuba /
_cprólogo Franklin Franco Pichardo.
260 _aSanto Domingo :
_bSociedad Editorial Dominicana,
_c2004.
300 _a81 p. :
_bretrs., diagrf. ;
_c22 cm.
500 _aInforme de Cuba al Secretario general sobre resoluciones 57/11 de la Asamblea General de la Naciones Unidas La Habana, 8 de julio del 2003.
500 _aIncluye referencias bibliográficas y notas al pie de las páginas
590 _aInventariado, 2020 /LP
700 1 _aFranco, Franklin J.,
_d1936-
_epról.
_934417
942 _2ddc
_cLBS1
999 _c17451
_d17451